| 000 | 00981aam a2200349 4500 | ||
|---|---|---|---|
| 005 | 20250806164014.0 | ||
| 008 | 150309b2012 xxu||||| |||| 00| 0 spa d | ||
| 020 | _a9788415577584 | ||
| 041 | _aESP | ||
| 082 | _a658.409.2 H711e | ||
| 100 |
_aHoffman, Catalina _917520 |
||
| 245 | _aEmprender soñando | ||
| 260 | _aEspaña | ||
| 260 | _bPlatafroma | ||
| 260 | _c2012 | ||
| 300 | _a140 páginas | ||
| 490 | _aDirección y Administración de Empresas | ||
| 650 | _aLIDERAZGO EJECUTIVO | ||
| 650 | _aEMPRENDER Y AYUDAR | ||
| 650 | _aMÉTODO HOFFMANN | ||
| 650 | _aEMPRENDER QUERER ES PODER | ||
| 650 | _aEMPRENDIMIENTO | ||
| 650 | _aINNOVACIÓN | ||
| 650 | _aEL RETO DE EMPEZAR DE CERO | ||
| 650 | _aADMINISTRACIÓN DE EMPRESAS | ||
| 650 | _aBENEFICIOS DEL MÉTODO HOFFMANN | ||
| 650 | _aEL SUEÑO EMPIEZA A CRECER | ||
| 650 | _aFORMANDO EL EQUIPO | ||
| 650 | _aCAMINO DEL APRENDIZAJE | ||
| 650 | _aFUNADACIÓN CATALINA HOFFMANN | ||
| 942 |
_cBK _2ddc |
||
| 999 |
_c3833 _d3833 |
||